| 000 | 00309nam a22000977a 4500 | ||
|---|---|---|---|
| 999 |
_c533353 _d533353 |
||
| 082 | _aB811x54 H534 | ||
| 245 |
_aHigh- Level Committee on Union- State relations report, Part-1 _cby Government of Tamilnadu |
||
| 260 |
_aNew Delhi _bBloomsbury _c2026 |
||
| 300 | _a387p. | ||
| 650 |
_aFederal government - India _960605 |
||